000 01198nam a22002297a 4500
999 _c62120
_d62120
003 Ge_BSU
005 20240717104630.0
008 240717s2021 ge ||||| |||| 00| 0 geo d
020 _a9789941830877
041 _ageo
080 _a341.7:005.574გ-79
100 _aგრემი, რიჩარდ
_eავტორი.
_922845
245 _aროგორ ვაწარმოოთ მოლაპარაკებები :
_b სპეცსამსახურების საიდუმლო მეთოდიკები /
_cრიჩარდ გრემი ; მთარ. ნინა თურმანიძე ; რედ.თამაზ თურმანიძე
264 _aთბილისი :
_bპეგა,
_c2021.
300 _a58 გვ. ;
_b20 სმ.
653 _aმოლაპარაკების ხელოვნება
653 _aსამართალი
653 _aმენეჯმენტი
700 _aთურმანიძე, ნინა
_eმთარგმნელი
_922846
700 _aთურმანიძე, თამაზ
_eრედაქტორი
_911865
942 _2udc
_cᲬᲘᲒᲜᲘ